00709nam a2200241 a 4500001001300000003000900013005001700022008004100039020000900080082001600089100001800105245002900123260005400152300000900206500003500215505001000250650003000260700001800290902000800308942000700316952012700323999001700450nice12345678IN_TiNIC20260116013314.0050524s1989 newa grp 000 0 eng  ac9000a297.63bAHM aAhmed, Gulzar aProphet`s Concept of War aNew Delhi bAdam Publisher and Distributer c1989 a216p aincludes index and biblioraphy2 aindex aMuhammad, Prophet-Battles1 aAhmed, Gulzar bSRS cBK 001040708StackRoom-aHMIbHMId2007-07-05g90.00l1o297.63 AHMp017957r2017-03-16s2017-02-01v90.00w2005-05-24yBK c10494d10494